[Event "SUI-chB"]
[Site "Flims"]
[Date "2012.07.12"]
[Round "1"]
[White "Raetsky, Alexander"]
[Black "Turkmani, Julian"]
[Result "1-0"]
[WhiteElo "2449"]
[BlackElo "1861"]
[PlyCount "45"]
[EventDate "2012.07.12"]
[EventType "swiss"]
[EventRounds "9"]
[EventCountry "SUI"]
[SourceTitle "CBM 149 Extra"]
[Source "ChessBase"]
[SourceDate "2012.08.24"]
[SourceVersion "1"]
[SourceVersionDate "2012.08.24"]
[SourceQuality "1"]

1. e4 e5 2. f4 Bc5 3. Nf3 d6 4. c3 Nf6 5. d4 exd4 6. cxd4 Bb4+ 7. Bd2 Bxd2+ 8. Nbxd2 0-0 9. Bd3 Nc6 10. 0-0 Bg4 11. Qb3 Nh5 12. g3 b6 13. d5 Ne7 14. Rac1 f5 15. Nd4 fxe4 16. Nxe4 Nf5 17. Ne6 Qe8 18. Rxc7 Bh3 19. Re1 Qg6 20. N4g5 Rae8 21. Qc3 Rf6 22. Nxh3 Nhxg3 23. Rxg7+ 1-0

[Event "Lenk op 23rd"]
[Site "Lenk"]
[Date "2012.04.06"]
[Round "2"]
[White "Boschetti, Claudio"]
[Black "Turkmani, Julian"]
[Result "1-0"]
[WhiteElo "2153"]
[BlackElo "1779"]
[PlyCount "103"]
[EventDate "2012.04.05"]
[EventType "swiss"]
[EventRounds "7"]
[EventCountry "SUI"]
[SourceTitle "CBM 148 Extra"]
[Source "ChessBase"]
[SourceDate "2012.06.22"]
[SourceVersion "1"]
[SourceVersionDate "2012.06.22"]
[SourceQuality "1"]

1. e4 e5 2. Bc4 Nf6 3. d3 Nc6 4. Nc3 Bc5 5. Bg5 h6 6. Bh4 a6 7. Nge2 g5 8. Bg3 d6 9. Nd5 Na5 10. Nec3 c6 11. Ne3 Bxe3 12. fxe3 Nxc4 13. dxc4 Ng4 14. Qf3 Qb6 15. Kd2 f5 16. exf5 Nf6 17. b3 0-0 18. e4 Qd4+ 19. Qd3 b5 20. Rae1 bxc4 21. bxc4 Qc5 22. h4 g4 23. h5 a5 24. Qe3 Qxc4 25. Qxh6 Qd4+ 26. Kc1 Qxc3 27. Qg6+ Kh8 28. Bh4 Qa1+ 29. Kd2 Qd4+ 30. Kc1 Nh7 31. Be7 Bxf5 32. exf5 Qf4+ 33. Kd1 Rab8 34. Bxf8 Rb1+ 35. Ke2 Qe4+ 36. Kf2 g3+ 37. Qxg3 Qxc2+ 38. Kg1 Nxf8 39. f6 Rb7 40. h6 Qc5+ 41. Qf2 Qxf2+ 42. Kxf2 Nh7 43. Rb1 Rxb1 44. Rxb1 Nxf6 45. Kf3 d5 46. g4 Ne4 47. Rb7 Ng5+ 48. Kg3 e4 49. Kf4 Ne6+ 50. Kf5 e3 51. Re7 d4 52. Rxe6 1-0